000 00488nab a2200145Ia 4500
003 ES-SlBCS
005 20210601134615.0
008 140529s1990 xxu||||| |||| 00| 0 spa d
041 _aspa
100 1 _aVillanueva P., Leoncio
_9220359
245 0 0 _aIdeología griega y el kerigma del Cuerpo Místico de San Pablo, clásico del helenismo
_c Leoncio Villanueva P.
650 0 4 _aIdeología Griega
_9220360
773 0 _tAnthropos
_gvol. 11, nº. 21, 1990, págs. 99-114
_wRev38
942 _cAR
999 _c615184
_d615184